| 000 | 00851nam a2200205 a 4500 | ||
|---|---|---|---|
| 003 | 0 | ||
| 005 | 20250412100313.0 | ||
| 008 | 970101s19uu xx 00 eng d | ||
| 050 |
_aPGS PN 1995.9.C45 _b.L473 2004 |
||
| 100 | _aLedesma, Denise Lora B. | ||
| 245 |
_aThe movie preference of Grade six students of Southville International School and Colleges S. Y. 2003-2004. _cDenise Lora B. Ledesma. |
||
| 260 |
_aLas PiƱas City, Philippines : _bSouthville International School and Colleges, _c2004. |
||
| 300 |
_a20 pages : _bcolored illustrations ; _c28 cm. |
||
| 504 | _aIncludes bibliographical references. | ||
| 650 |
_aMotion pictures and children _vPreferences. |
||
| 650 |
_aMedia preferences _vElementary students. |
||
| 650 |
_aChildren _vMedia consumption habits. |
||
| 650 |
_aPopular culture _vInfluence. |
||
| 942 |
_2lcc _cPASS |
||
| 999 |
_c97011 _d97011 |
||